000 00994nam a2200313 a 4500
001 33458
003 BD-RjUL
005 20211209052018.0
008 141218s2011 ii a b 001 0 eng
020 _a 8172240678
020 _a9788172240677
035 _a(OCoLC)49261079
_a(BD-RjUL)33549
040 _aDLC
_cDLC
_dUKM
_dMYG
_dBD-RjUL
_beng
041 _aeng
082 0 0 _a658.151
_221
_bHET 2011
100 1 _aHelfert, Erich A.
_9114656
245 1 0 _aTechniques of financial analysis :
_ba practical guide to applied managerial finance /
_cErich A. Helfert.
250 _a9th. Jaico Imprission
260 _aMumbai :
_bJaico Publishing House,
_c2011.
300 _axv, 506p. :
_bill. ;
_c22 cm.
504 _aIncludes bibliographies and index.
650 0 _aCorporations
_xFinance.
_9114657
650 0 _aCash flow.
_9114658
650 0 _aFinancial statements.
_9114659
650 0 _aRatio analysis.
_9114660
942 _2ddc
_cBK
999 _c33458
_d33458